1065 1363 1055 1486 1007 1197 1550 1452 1239 1249 1295 1413 1752 1944 1731 1187 1775 1007 1416 1794 1017 1842 1686 1539 1731 1346 1161 1049 1350 1107 1213 1877 1845 1818 1377 1684 1602 1962 1819 1212 1287 1575 1318 1363 1618 1749 1766 1819 1509 1871 1247 1280 1079 1136 1741 1448 1908 1477 1648 1893 1310 1097 1266 1686 1553 1662 1111 1649 1183 1089 1133 1953 1560 1266 1270 1474 1801 1657 1488 1843 1900 1841 1446 1201 1274 1554 1828 1448 1937 1596 1874 1788 1642 1742 1787 1170 1088 1697 1499 BCNSPRNW ULIB Ver.6.0+V

เปลี่ยนเป็นภาษาไทย

Change to English
 แสดงรายละเอียดบรรณานุกรม
  กลับหน้าหลัก

Brief Record : Get Marc (ISO 2709) : E-mail record : QR code < ปิดหน้าต่าง
LEADER : 00000nam 2200000uu 4500
001    13399123428
003     ULIB
008    140916s2549||||th 000 0 tha d
099    วจWK810^bศ294ก
100 0  ศศิมา พึ่งโพธิ์ทอง
245 00 การดูแลสุขภาพผุ้ป่วยเบาหวานที่บ้านตามมาตรฐานการพยาบาลต่อความรู้สึกในการดูแลตนเองและระดับน้ำตาลในเลือด
945    ^p0^l0^i023483
999    ^aเกษร โพธิ์สุวรรณ
รายการนี้ยังไม่มีแท็ก
คุณยังไม่ได้ล็อกอิน คุณสามารถมีกิจกรรมร่วมกับเว็บไซต์ได้ แต่ต้องล็อกอินก่อน ::
  ล็อกอิน

รายการสื่อสารสนเทศ

ลำดับที่ ประเภท เลขเรียก/บาร์โค้ด สถานที่ สถานะ
1. งานวิจัย
งานวิจัย
วจWK810 ศ294ก ฉ.1 
  Barcode: 023483
ห้องสมุดวิทยาเขตสวรรค์ประชารักษ์
►วิจัย
บนชั้น

BibComment


ยังไม่เคยถูกคอมเมนท์

คอมเมนท์ทรัพยากรรายการนี้
  คอมเมนท์: การดูแลสุขภาพผุ้ป..


 Copyright 2026. Bcnsprnw @Library